|
|
|
|
| LEADER |
00000nam0a2200000 4500 |
| 001 |
354967 |
| 005 |
20231102010739.0 |
| 035 |
|
|
|a (RuTPU)RU\TPU\retro\12226
|
| 090 |
|
|
|a 354967
|
| 100 |
|
|
|a 20200629d1979 m y0rusy50 ca
|
| 101 |
0 |
|
|a rus
|
| 102 |
|
|
|a UA
|
| 105 |
|
|
|a a j 001zy
|
| 200 |
1 |
|
|a Проектирование радиотехнических систем
|e учебное пособие для вузов
|f Б. М. Свердлик, В. П. Лавриненко
|g Одесский политехнический институт
|
| 210 |
|
|
|a Одесса
|c Одесского политехнического ин-та
|d 1979
|
| 215 |
|
|
|a 70 с.
|c ил.
|
| 320 |
|
|
|a Библиогр.: с. 53-54
|
| 606 |
1 |
|
|a Радиотехнические системы
|2 stltpush
|3 (RuTPU)RU\TPU\subj\23232
|9 47863
|
| 610 |
1 |
|
|a проектирование
|
| 610 |
1 |
|
|a учебные пособия
|
| 610 |
1 |
|
|a дискретные сигналы
|
| 610 |
1 |
|
|a дискретные фильтры
|
| 610 |
1 |
|
|a синтез
|
| 610 |
1 |
|
|a белый шум
|
| 610 |
1 |
|
|a оптимальные фильтры
|
| 675 |
|
|
|a 621.37-021.66(075.8)
|v 4
|
| 700 |
|
1 |
|a Свердлик
|b Б. М.
|g Мешулим Бенияминович
|
| 701 |
|
1 |
|a Лавриненко
|b В. П.
|g Вадим Петрович
|
| 712 |
0 |
2 |
|a Одесский политехнический институт
|2 stltpush
|3 (RuTPU)RU\TPU\col\13993
|9 25846
|
| 801 |
|
1 |
|a RU
|b 63413507
|c 20200629
|
| 801 |
|
2 |
|a RU
|b 63413507
|c 20201224
|g RCR
|
| 942 |
|
|
|c BK
|